000 00321nam a2200109Ia 4500
008 220204s9999 xx 000 0 und d
082 _a577.112.382:54
_bWEI
100 _aWeinstein, Boris
245 0 _aChemistry and biochemistry of amino acids, peptides and proteins. V 5
260 _aNew York
_bDekker
_c1971
942 _cBK
999 _c31397
_d31397